The summary cause for the stability or downfall of human societies

Збережено в:
Бібліографічні деталі
Автор: Rosmini, Antonio
Формат: Книга
Мова:Undetermined
Опубліковано: Glasgow, Gran Bretaña Rosmini House 1994
Предмети:
Теги: Додати тег
Немає тегів, Будьте першим, хто поставить тег для цього запису!

MARC

LEADER 00000nam a2200000Ia 4500
008 170316s9999 xx 000 0 und d
090 |a 100 R-34su 
100 |a Rosmini, Antonio 
245 4 |a The summary cause for the stability or downfall of human societies 
260 |a Glasgow, Gran Bretaña 
260 |b Rosmini House 
260 |c 1994 
300 |a 96 páginas 
650 |a FILOSOFÍA 
999 |c 17459  |d 17459 
040 |a cru BVZT 
942 |c 15 D  |h 100 R-34su  |2 z